Peklo alebo raj

Bibliographic Details
Main Author: Ďurinda, Martin, 1961- (Author)
Format: Article
Language:Slovak
PhysicalDescription:Fot. 1.
Subjects:

MARC

LEADER 00000nab a2200000 a 4500
001 vtls000425722
003 SK-MaSNL
005 20260304015440.0
008 120925c1991 xo 0 slo
015 |a SNBRB19rr/mm-uuuuu 
035 |a CL0425850 
040 |a SNKBUCL  |b slo  |c SNKBUCL  |e AACR2 
041 0 |a slo 
044 |a xo  |c SK 
080 |a 78.071.2:784.66  |2 1981 
080 |a 784.66  |2 1981 
100 1 |a Ďurinda, Martin,  |d 1961-  |4 aut  |9 251059 
245 1 0 |a Peklo alebo raj  |c Maťo Ďurinda 
300 |b Fot. 1. 
610 2 7 |a Tublatanka (hudobná skupina)  |2 snkbucl  |9 32481 
655 7 |a články z novín a časopisov  |2 snkbucl  |9 267496 
700 1 |a Ďurinda, Martin,  |d 1961-  |4 aut  |9 251059 
773 0 |t Maxisuper  |g Roč. 2, č. 7 (1991), s. /4/ 
850 |a Slovenská národná knižnica v Martine  |a MTA001 
852 |a SNK  |b KIS3GCP 
958 |a RK 
992 |a RBX 
999 |c 2591613  |d 2593543